[Event "XXXII Festival Conca della Presolana Magistrale"]
[Site "Bratto - Castione della Presolana ITA"]
[Date "2012.08.26"]
[Round "9"]
[White "Rambaldi, Francesco"]
[Black "Jerez Perez, Alfonso"]
[WhiteElo "2272"]
[BlackElo "2412"]
[Result "1/2-1/2"]
[PlyCount "30"]
[EventDate "2012.08.18"]

1. d4 Nf6 2. c4 g6 3. Nc3 d5 4. cxd5 Nxd5 5. Bd2 Bg7 6. e4 Nb6 7. Be3 O-O 8. h3
f5 9. exf5 Bxf5 10. Qb3+ Kh8 11. Nf3 Qd6 12. Nb5 Qd8 13. Nc3 Qd6 14. Nb5 Qd8
15. Nc3 Qd6 1/2-1/2

[Event "XXXII Festival Conca della Presolana Magistrale"]
[Site "Bratto - Castione della Presolana ITA"]
[Date "2012.08.26"]
[Round "9"]
[White "Ramondino, Renzo"]
[Black "Bellia, Fabrizio"]
[WhiteElo "2231"]
[BlackElo "2451"]
[Result "0-1"]
[PlyCount "82"]
[EventDate "2012.08.18"]

1. e4 e5 2. Nf3 Nc6 3. Bb5 a6 4. Ba4 Nf6 5. O-O Be7 6. Qe2 b5 7. Bb3 O-O 8. c3
d6 9. Rd1 Na5 10. Bc2 c5 11. d4 Qc7 12. d5 Nc4 13. b3 Nb6 14. a4 Bd7 15. h3
Rfe8 16. Be3 g6 17. a5 Nc8 18. Nbd2 Nh5 19. Nf1 Bf6 20. Kh2 Nf4 21. Qd2 Bg7 22.
Ng3 Qd8 23. b4 c4 24. Rac1 Qf6 25. Ng1 Ne7 26. Nh1 g5 27. f3 h5 28. g3 Bh6 29.
gxf4 gxf4 30. Bf2 Kh8 31. Kg2 Rg8+ 32. Kf1 Rg7 33. Bb6 Rag8 34. Qh2 Qh4 35. Qd2
Rxg1+ 36. Bxg1 Qxh3+ 37. Ke2 Qxh1 38. Rf1 Rxg1 39. Rxg1 Qh2+ 40. Kd1 Qxg1+ 41.
Qe1 Qg3 0-1

[Event "XXXII Festival Conca della Presolana Magistrale"]
[Site "Bratto - Castione della Presolana ITA"]
[Date "2012.08.26"]
[Round "9"]
[White "Ranfagni, Stefano"]
[Black "Bresciani, Nicola"]
[WhiteElo "1980"]
[BlackElo "2255"]
[Result "1/2-1/2"]
[PlyCount "37"]
[EventDate "2012.08.18"]

1. c4 Nf6 2. Nc3 c5 3. g3 e6 4. e4 b6 5. Bg2 Bb7 6. d3 d6 7. Nge2 a6 8. O-O Qc7
9. h3 Be7 10. Be3 Nbd7 11. Qd2 Bc6 12. a4 h5 13. f4 Qb7 14. f5 e5 15. Bg5 Rb8
16. b3 Bd8 17. Rfb1 Be7 18. Qe3 Qc7 19. Bf3 1/2-1/2

[Event "XXXII Festival Conca della Presolana Magistrale"]
[Site "Bratto - Castione della Presolana ITA"]
[Date "2012.08.26"]
[Round "9"]
[White "Sala, Giovanni"]
[Black "Casadei, Mauro"]
[WhiteElo "2022"]
[BlackElo "2165"]
[Result "1/2-1/2"]
[PlyCount "64"]
[EventDate "2012.08.18"]

1. c4 c5 2. g3 Nc6 3. Bg2 g6 4. Nc3 Bg7 5. Nf3 e5 6. O-O Nge7 7. d3 O-O 8. a3
d6 9. Rb1 a5 10. Ne1 Be6 11. Bg5 f6 12. Be3 Qd7 13. Nc2 a4 14. b3 axb3 15. Rxb3
Rab8 16. Bd2 f5 17. Ne3 Nd4 18. Rb6 f4 19. Ned5 Nc8 20. Rb1 Bh3 21. f3 Bxg2 22.
Kxg2 Ne6 23. Ne4 Ne7 24. Rb6 Nc6 25. Bc3 h5 26. Qb3 fxg3 27. hxg3 h4 28. g4
Nf4+ 29. Nxf4 Rxf4 30. Kh3 Rbf8 31. Rxb7 Qe6 32. Nd2 Nd4 1/2-1/2

[Event "XXXII Festival Conca della Presolana Magistrale"]
[Site "Bratto - Castione della Presolana ITA"]
[Date "2012.08.26"]
[Round "9"]
[White "Satyapragyan, Swayangsu"]
[Black "Panchanathan, Magesh Chandran"]
[WhiteElo "2435"]
[BlackElo "2564"]
[Result "1-0"]
[PlyCount "97"]
[EventDate "2012.08.18"]

1. e4 e5 2. Nf3 Nc6 3. Bb5 a6 4. Ba4 Nf6 5. O-O Be7 6. d3 d6 7. c4 O-O 8. h3
Rb8 9. Nc3 Nd4 10. Nxd4 exd4 11. Ne2 b5 12. Bc2 c5 13. b3 Ne8 14. Ng3 Kh8 15.
f4 g6 16. f5 Bg5 17. Rf3 Ng7 18. Qf1 Bxc1 19. Rxc1 Qg5 20. Kh2 f6 21. fxg6 hxg6
22. Re1 Ne8 23. e5 dxe5 24. Ne4 Qh4 25. Nxc5 Bf5 26. g4 Bc8 27. Rxe5 Ng7 28.
Qe1 Qh6 29. Re4 Qg5 30. Re5 f5 31. Qg3 Rb6 32. Qf4 Qd8 33. Rd5 Qe7 34. Qxd4 Re8
35. gxf5 gxf5 36. Rg3 Rh6 37. Bd1 Rh7 38. Bf3 f4 39. Qxf4 Rf8 40. Qd4 Bxh3 41.
Rh5 Rxh5 42. Bxh5 Bf5 43. Bf3 bxc4 44. bxc4 a5 45. Ne4 Rd8 46. Qc3 Qc7 47. Qf6
Rxd3 48. Qf8+ Kh7 49. Nf6+ 1-0

[Event "XL Olimpiadi (San Marino)"]
[Site "Istanbul TUR"]
[Date "2012.08.30"]
[Round "3.4"]
[White "Chavez, Hector Eduardo"]
[Black "Grassi, Enrico"]
[WhiteElo "2153"]
[BlackElo "2027"]
[Result "1/2-1/2"]
[Annotator "SMR-ESA"]
[PlyCount "70"]
[EventDate "2012.08.28"]

1. e4 d5 2. exd5 Qxd5 3. Nc3 Qa5 4. d4 Nf6 5. Bc4 Bf5 6. Nge2 e6 7. O-O c6 8.
Ng3 Bg6 9. f4 Bd6 10. f5 Bxg3 11. fxg6 Bxh2+ 12. Kxh2 hxg6+ 13. Kg1 Nbd7 14. a3
O-O-O 15. b4 Qc7 16. Bf4 e5 17. dxe5 Qb6+ 18. Rf2 Nxe5 19. Qe2 Nxc4 20. Qxc4
Rh1+ 21. Kxh1 Qxf2 22. Bh2 Rh8 23. Ne2 Rh4 24. Qc5 Qxc5 25. bxc5 Ng4 26. Kg1
Rxh2 27. Ng3 f5 28. Re1 Kd7 29. Rd1+ Ke7 30. Rb1 Ke6 31. Rxb7 Kd5 32. Rxg7 Rh8
33. Rxg6 Re8 34. Kf1 Nh2+ 35. Kf2 Ng4+ 1/2-1/2

[Event "XL Olimpiadi (San Marino)"]
[Site "Istanbul TUR"]
[Date "2012.09.05"]
[Round "8.3"]
[White "Wang, Jonathan"]
[Black "Volpinari, Danilo"]
[WhiteElo "1557"]
[BlackElo "2025"]
[Result "0-1"]
[Annotator "SMR-TPE"]
[PlyCount "83"]
[EventDate "2012.08.28"]

1. e4 c5 2. Nc3 Nc6 3. g3 g6 4. Bg2 Bg7 5. d3 e6 6. f4 d6 7. Nf3 Nge7 8. O-O
O-O 9. Be3 Nd4 10. Qd2 Rb8 11. Nd1 b5 12. c3 Nxf3+ 13. Bxf3 a5 14. d4 cxd4 15.
cxd4 d5 16. e5 Qb6 17. Rc1 Bd7 18. b3 Rfc8 19. Nb2 Nc6 20. h4 Bf8 21. h5 Ba3
22. hxg6 fxg6 23. f5 Rf8 24. fxg6 hxg6 25. Rce1 Bb4 26. Qc2 Kg7 27. Rd1 Nxe5
28. Bf4 Nxf3+ 29. Rxf3 Bd6 30. Nd3 Rbc8 31. Qf2 Bxf4 32. Nxf4 Qd6 33. Re1 b4
34. Qd2 Rf5 35. Rfe3 Re8 36. Qe2 Rg5 37. Kg2 Qxf4 38. Rf3 Qxd4 39. Ref1 Rf5 40.
Qc2 Rxf3 41. Rxf3 Rc8 42. Qe2 0-1

[Event "C.to Unione Europea U14"]
[Site "Mureck AUT"]
[Date "2012.08.01"]
[Round "1"]
[White "Huber, Martin Christian"]
[Black "Fox, Jonas"]
[Result "1/2-1/2"]
[WhiteElo "2185"]
[BlackElo "1750"]
[PlyCount "91"]
[EventDate "2012.08.01"]

1. d4 e6 2. c4 f5 3. Nf3 Nf6 4. g3 c6 5. Bg2 d5 6. O-O Bd6 7. Nc3 O-O 8. Qc2
Qe7 9. Rb1 Ne4 10. a3 a5 11. Na4 Nd7 12. Bf4 Bxf4 13. gxf4 b5 14. cxb5 cxb5 15.
Nc3 Ba6 16. Nxe4 fxe4 17. Ne5 Nxe5 18. fxe5 b4 19. axb4 Rac8 20. Qd2 Qxb4 21.
Rfd1 Qc4 22. Bh3 Qc6 23. Ra1 Qe8 24. Rxa5 Qg6+ 25. Kh1 Rc6 26. Qe3 Qh5 27. Re1
Qh4 28. Qg3 Qh6 29. Ra3 Qd2 30. Rg1 g6 31. Rc3 Rxc3 32. Bxe6+ Kh8 33. Qxc3 Qxe2
34. Bxd5 Rxf2 35. Qg3 Rf1 36. h3 Rxg1+ 37. Kxg1 Qd1+ 38. Kh2 Qxd4 39. Bf7 Qxb2+
40. Kh1 Qb1+ 41. Kh2 Qb2+ 42. Kh1 e3 43. Bd5 e2 44. Qf2 Qa1+ 45. Kg2 e1=Q 46.
Kh2 1/2-1/2

[Event "C.to Unione Europea U14"]
[Site "Mureck AUT"]
[Date "2012.08.02"]
[Round "2"]
[White "Fox, Jonas"]
[Black "Markauss, Daniels"]
[Result "1/2-1/2"]
[WhiteElo "1750"]
[BlackElo "1895"]
[PlyCount "129"]
[EventDate "2012.08.01"]

1. e4 e5 2. Nf3 Nc6 3. d4 exd4 4. Bc4 Na5 5. Qxd4 Nxc4 6. Qxc4 Nf6 7. Nc3 d6 8.
Ng5 Qe7 9. O-O h6 10. Nb5 hxg5 11. Nxc7+ Kd8 12. Nxa8 Be6 13. Qd4 Ng4 14. Qxa7
Nxh2 15. Qb8+ Bc8 16. Nb6 Qc7 17. Qxc8+ Qxc8 18. Nxc8 Nxf1 19. Nb6 Nh2 20.
Bxg5+ f6 21. Bf4 Ng4 22. Nc4 Kd7 23. f3 d5 24. fxg4 dxc4 25. Kf2 Bc5+ 26. Kf3
g5 27. Be3 Bd6 28. Rd1 Ke6 29. c3 Ra8 30. a3 Ra5 31. Bd4 Rb5 32. Bxf6 Bf4 33.
g3 Bb8 34. Bd4 Rxb2 35. Rh1 Rb5 36. Rh6+ Kf7 37. Rh7+ Kg6 38. Rg7+ Kh6 39. a4
Rb1 40. Rg8 Bd6 41. Rc8 Rd1 42. Rxc4 Rd3+ 43. Be3 Bxg3 44. Kxg3 Rxe3+ 45. Kf2
Rd3 46. Rc7 Kg6 47. e5 Rd5 48. e6 Rd3 49. e7 Kf7 50. c4 Ra3 51. Rxb7 Rxa4 52.
Rc7 Ra3 53. c5 Rh3 54. c6 Rc3 55. Ke2 Rg3 56. Rd7 Kf6 57. e8=Q Rg2+ 58. Kd3
Rd2+ 59. Kc4 Rc2+ 60. Kb5 Rc5+ 61. Kb6 Rxc6+ 62. Kb7 Rc7+ 63. Kb8 Rb7+ 64. Ka8
Ra7+ 65. Kxa7 1/2-1/2

[Event "C.to Unione Europea U14"]
[Site "Mureck AUT"]
[Date "2012.08.03"]
[Round "3"]
[White "Janzekovic, Alja"]
[Black "Fox, Jonas"]
[Result "0-1"]
[WhiteElo "1530"]
[BlackElo "1750"]
[PlyCount "80"]
[EventDate "2012.08.01"]

1. e4 e6 2. d4 d5 3. exd5 exd5 4. c4 c6 5. Nf3 Bd6 6. Be2 Ne7 7. O-O O-O 8. Nc3
h6 9. cxd5 cxd5 10. h3 Nbc6 11. Re1 Bf5 12. Qb3 Nb4 13. Bd1 Nec6 14. a3 Na5 15.
Qa4 Bd7 16. Nb5 Nd3 17. Rf1 Nxc1 18. Rxc1 a6 19. Be2 axb5 20. Bxb5 Nc4 21. Qb3
Bxb5 22. Qxb5 b6 23. Rfe1 Ra5 24. Qb3 Qd7 25. Qc3 Rb8 26. Nd2 Nxd2 27. Qxd2 Rc8
28. Qe3 Rxc1 29. Qxc1 Ra8 30. Re2 Rc8 31. Rc2 Rxc2 32. Qxc2 Qc7 33. Qd2 Bf4 34.
Qd1 Qc1 35. Qxc1 Bxc1 36. b3 Bxa3 37. Kf1 Bb2 38. Ke2 Bxd4 39. f3 Bc3 40. Kd3
d4 0-1

[Event "C.to Unione Europea U14"]
[Site "Mureck AUT"]
[Date "2012.08.04"]
[Round "4"]
[White "Ptacek, Tomas"]
[Black "Fox, Jonas"]
[Result "0-1"]
[WhiteElo "2019"]
[BlackElo "1750"]
[PlyCount "46"]
[EventDate "2012.08.01"]

1. Nf3 e6 2. d4 f5 3. Bf4 Nf6 4. e3 c6 5. Nbd2 d5 6. Be2 Bd6 7. Bxd6 Qxd6 8.
O-O O-O 9. c4 Nbd7 10. Qc2 Ne4 11. Rab1 Ndf6 12. b4 Bd7 13. Rfc1 Be8 14. cxd5
exd5 15. h3 f4 16. Nf1 fxe3 17. Nxe3 Nh5 18. Ng4 Nf4 19. Nge5 Bg6 20. Nd3 Rae8
21. Re1 Nc3 22. Nfe5 Ncxe2+ 23. Rxe2 Bxd3 0-1

[Event "C.to Unione Europea U14"]
[Site "Mureck AUT"]
[Date "2012.08.05"]
[Round "5"]
[White "Fox, Jonas"]
[Black "Arztmann, Nils"]
[Result "1/2-1/2"]
[WhiteElo "1750"]
[BlackElo "1897"]
[PlyCount "80"]
[EventDate "2012.08.01"]

1. e4 e5 2. Nf3 Nc6 3. d4 exd4 4. Bc4 Bc5 5. c3 Nf6 6. cxd4 Bb4+ 7. Bd2 Nxe4 8.
Bxf7+ Kxf7 9. Qb3+ d5 10. Bxb4 Nxb4 11. Qxb4 Rf8 12. O-O Kg8 13. Nbd2 a5 14.
Qb3 Nxd2 15. Nxd2 Ra6 16. Nf3 Rg6 17. Ne5 Rh6 18. Qg3 Rf5 19. Rae1 Rg5 20. Qf4
Rf5 21. Qg3 Rh4 22. Nf3 Rh6 23. Ne5 Be6 24. f4 Rfh5 25. Nf3 Rg6 26. Ng5 Bf5 27.
Qe3 Kf8 28. Qa3+ Rd6 29. Re5 Bc8 30. Ne6+ Bxe6 31. Rxh5 c6 32. Re5 Kg8 33. Rfe1
Bf7 34. Re7 Rf6 35. Rxb7 h6 36. g3 Qc8 37. Qb3 Qg4 38. Qc3 Bg6 39. Qxa5 Be4 40.
Qd8+ Kh7 1/2-1/2

[Event "C.to Unione Europea U14"]
[Site "Mureck AUT"]
[Date "2012.08.06"]
[Round "6"]
[White "Bilchinski, Anton"]
[Black "Fox, Jonas"]
[Result "1/2-1/2"]
[WhiteElo "1869"]
[BlackElo "1750"]
[PlyCount "59"]
[EventDate "2012.08.01"]

1. d4 e6 2. c4 f5 3. Nc3 Nf6 4. g3 c6 5. Bg2 d5 6. Nh3 Bd6 7. O-O O-O 8. Bf4
Ne4 9. Qc2 Qe7 10. f3 Bxf4 11. Nxf4 Nd6 12. cxd5 exd5 13. e4 fxe4 14. fxe4 dxe4
15. Nxe4 Bf5 16. Qb3+ Kh8 17. Nxd6 Qxd6 18. Qxb7 Qxd4+ 19. Kh1 Nd7 20. Rad1 Qb6
21. Qxc6 Rac8 22. Qxb6 Nxb6 23. b3 Rfd8 24. h4 g6 25. a4 Rxd1 26. Rxd1 Bc2 27.
Rd4 Bxb3 28. a5 Nc4 29. a6 Ne5 30. Bb7 1/2-1/2

[Event "C.to Unione Europea U14"]
[Site "Mureck AUT"]
[Date "2012.08.07"]
[Round "7"]
[White "Fox, Jonas"]
[Black "Plenca, Jadranko"]
[Result "1/2-1/2"]
[WhiteElo "1750"]
[BlackElo "2061"]
[PlyCount "52"]
[EventDate "2012.08.01"]

1. e4 e5 2. Nf3 Nc6 3. d4 exd4 4. Bc4 Nf6 5. e5 d5 6. Bb5 Ne4 7. Nxd4 Bc5 8.
Be3 Bd7 9. Bxc6 bxc6 10. O-O O-O 11. f3 Ng5 12. f4 Ne4 13. Nc3 Nxc3 14. bxc3 f6
15. Re1 fxe5 16. fxe5 Qe7 17. e6 Bxd4 18. Bxd4 Bxe6 19. Qe2 Rfe8 20. Qe3 a6 21.
Re2 Qd7 22. Rae1 c5 23. Bxc5 Bf7 24. Qf2 Rxe2 25. Rxe2 Re8 26. h3 Qb5 1/2-1/2

[Event "C.to Unione Europea U14"]
[Site "Mureck AUT"]
[Date "2012.08.08"]
[Round "8"]
[White "Dragnev, Valentin"]
[Black "Fox, Jonas"]
[Result "1-0"]
[WhiteElo "1891"]
[BlackElo "1750"]
[PlyCount "55"]
[EventDate "2012.08.01"]

1. e4 e6 2. d4 d5 3. Nd2 Nf6 4. e5 Nfd7 5. Bd3 c5 6. c3 Nc6 7. Ngf3 Qb6 8. O-O
cxd4 9. cxd4 Nxd4 10. Nxd4 Qxd4 11. Nf3 Qb4 12. a3 Qb6 13. Qa4 Be7 14. Be3 Qd8
15. Rac1 b6 16. Rc3 Kf8 17. b4 Bb7 18. Rfc1 a5 19. Rc7 Nc5 20. bxc5 Qxc7 21.
cxb6 Qd8 22. Rc7 d4 23. Bxd4 Qd5 24. Bc4 Qe4 25. Qd7 Re8 26. Bc5 g5 27. Bxe7+
Kg7 28. Bf6+ 1-0

[Event "C.to Unione Europea U14"]
[Site "Mureck AUT"]
[Date "2012.08.09"]
[Round "9"]
[White "Fox, Jonas"]
[Black "Whatley, Stephen A.J."]
[Result "1-0"]
[WhiteElo "1750"]
[BlackElo "1641"]
[PlyCount "39"]
[EventDate "2012.08.01"]

1. e4 c5 2. Nc3 Nc6 3. f4 e6 4. Nf3 a6 5. g3 b5 6. Bg2 Bb7 7. d3 d5 8. O-O Nf6
9. e5 Nd7 10. Qe1 Be7 11. g4 Qc7 12. a4 b4 13. Ne2 O-O 14. Ng3 Rae8 15. g5 Na5
16. Nh5 d4 17. Qh4 b3 18. Nf6+ Bxf6 19. gxf6 g6 20. Qh6 1-0

[Event "Festival Server24 A"]
[Site "Ortisei - Sankt Ulrich in Groeden ITA"]
[Date "2012.06.02"]
[Round "1"]
[White "Demetz, Rainer"]
[Black "Ulibin, Mikhail"]
[WhiteElo "2151"]
[BlackElo "2519"]
[Result "1-0"]
[PlyCount "105"]
[EventDate "2012.06.02"]

1. d4 e6 2. c4 f5 3. Nf3 Nf6 4. g3 d5 5. Bg2 c6 6. O-O Bd6 7. b3 Qe7 8. a4 a5
9. Ba3 b6 10. Bxd6 Qxd6 11. Nbd2 Na6 12. Ne5 O-O 13. e3 Bb7 14. Rc1 c5 15. cxd5
exd5 16. Nd3 Ne4 17. f3 Ng5 18. f4 Ne4 19. dxc5 bxc5 20. Ne5 Rad8 21. Nxe4 fxe4
22. Qc2 Qb6 23. Rfd1 c4 24. bxc4 Qxe3+ 25. Qf2 Qxf2+ 26. Kxf2 d4 27. Bh3 Nc5
28. Rb1 e3+ 29. Ke2 Ba6 30. Rb6 Rf6 31. Rdb1 h6 32. Rb8 Rff8 33. Rxd8 Rxd8 34.
Rb6 d3+ 35. Kxe3 d2 36. Bg4 d1=Q 37. Bxd1 Rxd1 38. Rc6 Ra1 39. Rxc5 Rxa4 40.
Rc6 Bb7 41. Rb6 Rb4 42. Rxb4 axb4 43. Kd4 Kf8 44. Nd3 b3 45. Kc3 Ke7 46. Kxb3
Kf6 47. Kc3 Kf5 48. Nf2 h5 49. h4 Bg2 50. Kd4 Ke6 51. Nd1 Kd6 52. Ne3 Bh3 53.
f5 1-0

[Event "Festival Server24 A"]
[Site "Ortisei - Sankt Ulrich in Groeden ITA"]
[Date "2012.06.03"]
[Round "2"]
[White "Gleizerov, Evgeny"]
[Black "Demetz, Rainer"]
[WhiteElo "2570"]
[BlackElo "2151"]
[Result "1-0"]
[PlyCount "91"]
[EventDate "2012.06.02"]

1. d4 Nf6 2. c4 e6 3. g3 Bb4+ 4. Bd2 Qe7 5. Bg2 Bxd2+ 6. Qxd2 d6 7. Nc3 O-O 8.
Nf3 e5 9. O-O Bg4 10. Qe3 Bxf3 11. exf3 Nc6 12. d5 Nd4 13. Rad1 Rfe8 14. f4 c5
15. dxc6 bxc6 16. Ne2 Nxe2+ 17. Qxe2 e4 18. Bh3 Rad8 19. Rd4 g6 20. Rfd1 d5 21.
cxd5 cxd5 22. Qe3 Rd6 23. Rc1 Qb7 24. Qc3 Re7 25. b3 Ne8 26. f5 Rc7 27. Qd2
Rxc1+ 28. Qxc1 Rc6 29. Qe3 Nf6 30. Ra4 a6 31. Bf1 Qc8 32. fxg6 hxg6 33. Qd4 Qe6
34. Ra5 Rc1 35. Kg2 Rc6 36. Be2 Rd6 37. Qa7 Ng4 38. Rxa6 Rxa6 39. Qxa6 Qf5 40.
Qa8+ Kg7 41. Bxg4 Qxg4 42. Qxd5 Qf3+ 43. Kg1 f5 44. Qd4+ Kh7 45. Qa7+ Kg8 46.
Qe3 1-0

[Event "Festival Server24 A"]
[Site "Ortisei - Sankt Ulrich in Groeden ITA"]
[Date "2012.06.04"]
[Round "3"]
[White "Demetz, Rainer"]
[Black "Fierro Baquero, Martha Lorena"]
[WhiteElo "2151"]
[BlackElo "2377"]
[Result "1/2-1/2"]
[PlyCount "65"]
[EventDate "2012.06.02"]

1. d4 Nf6 2. c4 c5 3. Nf3 cxd4 4. Nxd4 g6 5. g3 Nc6 6. Bg2 Bg7 7. O-O O-O 8.
Nc3 a6 9. b3 Nxd4 10. Qxd4 Ne4 11. Qxe4 Bxc3 12. Rb1 d6 13. Qd3 Qa5 14. Bb2
Bxb2 15. Rxb2 Qa3 16. Rd2 a5 17. h4 a4 18. h5 axb3 19. axb3 Ra5 20. Bd5 Bf5 21.
Qe3 Qb4 22. Rd4 Qb6 23. hxg6 hxg6 24. Qd2 Ra2 25. Qxa2 Qxd4 26. Bxb7 Rb8 27.
Bf3 Qb6 28. Rc1 Qxb3 29. Qxb3 Rxb3 30. c5 dxc5 31. Rxc5 Be6 32. Rc7 Kf8 33. Ra7
1/2-1/2

[Event "Festival Server24 A"]
[Site "Ortisei - Sankt Ulrich in Groeden ITA"]
[Date "2012.06.05"]
[Round "4"]
[White "Baron, Tal"]
[Black "Demetz, Rainer"]
[WhiteElo "2467"]
[BlackElo "2151"]
[Result "1-0"]
[PlyCount "51"]
[EventDate "2012.06.02"]

1. e4 e5 2. Nf3 d6 3. d4 exd4 4. Nxd4 Nf6 5. Nc3 Be7 6. Qf3 O-O 7. Nf5 Bxf5 8.
Qxf5 Nc6 9. Be3 Qc8 10. Qxc8 Raxc8 11. Be2 Rfe8 12. O-O-O Bf8 13. f3 g6 14. g4
Bg7 15. h4 Nxg4 16. fxg4 Bxc3 17. bxc3 Rxe4 18. Rh3 Rce8 19. Kd2 Ne5 20. Rb1 b6
21. Rb4 d5 22. Rxe4 dxe4 23. Bf4 c6 24. Ke3 f6 25. Rh1 Kf7 26. Rd1 1-0

[Event "Festival Server24 A"]
[Site "Ortisei - Sankt Ulrich in Groeden ITA"]
[Date "2012.06.06"]
[Round "5"]
[White "Demetz, Rainer"]
[Black "Roesch, Mario"]
[WhiteElo "2151"]
[BlackElo "1980"]
[Result "1/2-1/2"]
[PlyCount "73"]
[EventDate "2012.06.02"]

1. d4 Nf6 2. c4 g6 3. Nc3 Bg7 4. Nf3 d6 5. g3 O-O 6. Bg2 Nbd7 7. O-O c6 8. e4
e5 9. h3 Qc7 10. b3 exd4 11. Nxd4 Nc5 12. Bb2 Re8 13. Re1 Be6 14. Nxe6 Nxe6 15.
Qd2 Rad8 16. Rad1 a6 17. f4 b5 18. cxb5 axb5 19. Qf2 Nd7 20. Kh2 b4 21. Na4 c5
22. Bxg7 Kxg7 23. Nb2 f6 24. Nc4 Nd4 25. Rxd4 cxd4 26. Qxd4 Qc5 27. Qxd6 Qxd6
28. Nxd6 Re6 29. Rd1 Nc5 30. e5 fxe5 31. fxe5 Rf8 32. Rd5 Nd7 33. Nc4 Re7 34.
Rb5 Rb8 35. Ra5 Nb6 36. Nd6 Nc8 37. Nc4 1/2-1/2

[Event "Festival Server24 A"]
[Site "Ortisei - Sankt Ulrich in Groeden ITA"]
[Date "2012.06.07"]
[Round "6"]
[White "Van Foreest, Lucas"]
[Black "Demetz, Rainer"]
[WhiteElo "1960"]
[BlackElo "2151"]
[Result "0-1"]
[PlyCount "49"]
[EventDate "2012.06.02"]

1. d4 Nf6 2. c4 e6 3. Nc3 Bb4 4. Bg5 h6 5. Bh4 b6 6. e3 Bb7 7. Nf3 g5 8. Bg3
Ne4 9. Qc2 d6 10. Bd3 Bxc3+ 11. bxc3 f5 12. Kf1 Nd7 13. Rb1 Qf6 14. c5 Nxg3+
15. hxg3 dxc5 16. Qa4 a6 17. Ne5 Rh7 18. c4 O-O-O 19. Nxd7 Rhxd7 20. d5 exd5
21. cxd5 b5 22. Qa5 Rxd5 23. Be2 g4 24. a4 b4 25. Bc4 0-1

[Event "Festival Server24 A"]
[Site "Ortisei - Sankt Ulrich in Groeden ITA"]
[Date "2012.06.08"]
[Round "7"]
[White "Demetz, Rainer"]
[Black "Borgo, Giulio"]
[WhiteElo "2151"]
[BlackElo "2395"]
[Result "0-1"]
[PlyCount "58"]
[EventDate "2012.06.02"]

1. d4 d5 2. c4 e6 3. Nc3 c6 4. Nf3 Nf6 5. e3 Nbd7 6. Bd3 a6 7. b3 Bb4 8. Bd2
O-O 9. O-O Bd6 10. Re1 dxc4 11. bxc4 e5 12. Qc2 Re8 13. c5 Bc7 14. Bc4 h6 15.
h3 e4 16. Nh2 b5 17. cxb6 Nxb6 18. Be2 Qd6 19. Nf1 c5 20. Na4 cxd4 21. exd4
Nfd5 22. Nxb6 Bxb6 23. Ne3 Bc7 24. Bc4 Qh2+ 25. Kf1 Nf4 26. f3 Bxh3 27. Kf2
Bxg2 28. Bxf7+ Kh8 29. Ng4 Nh3+ 0-1

[Event "Festival Server24 A"]
[Site "Ortisei - Sankt Ulrich in Groeden ITA"]
[Date "2012.06.09"]
[Round "8"]
[White "Turrin, Osvaldo"]
[Black "Demetz, Rainer"]
[WhiteElo "2036"]
[BlackElo "2151"]
[Result "1/2-1/2"]
[PlyCount "42"]
[EventDate "2012.06.02"]

1. c4 c5 2. Nc3 Nf6 3. g3 e6 4. Nf3 b6 5. Bg2 Bb7 6. O-O Be7 7. Re1 d6 8. e4 a6
9. d4 cxd4 10. Nxd4 Qc7 11. Qe2 Nbd7 12. Bd2 O-O 13. Rac1 Rfe8 14. b3 Rad8 15.
Be3 Qb8 16. f3 Bf8 17. Qf2 Ne5 18. Red1 Nfd7 19. h3 Nc5 20. Bf1 Nc6 21. Kh2 Nd7
1/2-1/2

[Event "Festival Server24 A"]
[Site "Ortisei - Sankt Ulrich in Groeden ITA"]
[Date "2012.06.10"]
[Round "9"]
[White "Demetz, Rainer"]
[Black "Viviani, Alessio"]
[WhiteElo "2151"]
[BlackElo "2094"]
[Result "0-1"]
[PlyCount "87"]
[EventDate "2012.06.02"]

1. e4 g6 2. d4 d6 3. Nf3 Bg7 4. Bc4 Nf6 5. Qe2 c6 6. Bb3 O-O 7. O-O d5 8. e5
Ne8 9. h3 Nc7 10. Bf4 Nd7 11. Nbd2 a5 12. c3 a4 13. Bc2 Nb6 14. b3 Ne6 15. Bg3
Bh6 16. Nh2 c5 17. Ng4 Bg7 18. dxc5 Nxc5 19. Qe3 Ne6 20. Nf3 h5 21. Ngh2 Qc7
22. Rac1 axb3 23. axb3 Kh7 24. Nd4 Bh6 25. f4 Nxd4 26. cxd4 Qb8 27. Bh4 Re8 28.
Qf3 Ra2 29. Bb1 Ra1 30. Bxg6+ fxg6 31. Rxa1 Bf5 32. g4 Be4 33. Qc3 Nd7 34. Bg3
Nf8 35. Rf2 Ne6 36. f5 gxf5 37. gxf5 Ng5 38. Rfa2 Nxh3+ 39. Kf1 Rc8 40. Qb4 Qc7
41. Ke2 h4 42. Bxh4 Nf4+ 43. Kf1 Bd3+ 44. Kf2 0-1

[Event "C.to Europeo U08"]
[Site "Praga CZE"]
[Date "2012.08.19"]
[Round "3"]
[White "Becchi, Andrea"]
[Black "Ciccoli, Theo"]
[WhiteElo "1512"]
[BlackElo "1595"]
[Result "0-1"]
[PlyCount "126"]
[EventDate "2012.08.17"]

1. e4 d5 2. exd5 Nf6 3. Nc3 Nxd5 4. Nxd5 Qxd5 5. d4 Nc6 6. Be3 g6 7. Nf3 Bg7 8.
Bb5 Qxb5 9. b3 O-O 10. h3 e5 11. c4 Qb4+ 12. Bd2 Qd6 13. d5 Ne7 14. Rc1 c6 15.
dxc6 Nxc6 16. O-O e4 17. Nh2 Rd8 18. Be3 Qxd1 19. Rfxd1 Be6 20. a3 Nd4 21. b4
Ne2+ 22. Kf1 Nxc1 23. Rxc1 Bb2 24. Rc2 Bxa3 25. b5 Bd6 26. Ng4 Bxg4 27. hxg4
Be5 28. Ra2 a6 29. bxa6 Rxa6 30. Rxa6 bxa6 31. c5 Bd4 32. Bxd4 Rxd4 33. Ke2 Rc4
34. Ke3 Rxc5 35. Kxe4 a5 36. Kd4 Rc8 37. f3 a4 38. Kd5 a3 39. Kd6 a2 40. Kd7
Rc4 41. Kd6 Kg7 42. Ke5 f6+ 43. Ke6 h5 44. gxh5 gxh5 45. Kf5 Rc2 46. g4 hxg4
47. fxg4 a1=B 48. Kf4 Kg6 49. Kf3 f5 50. gxf5+ Kxf5 51. Ke3 Rc4 52. Kd3 Rd4+
53. Ke3 Ke5 54. Kf3 Re4 55. Kg3 Rf4 56. Kh3 Kf5 57. Kg3 Kg5 58. Kh3 Rg4 59. Kh2
Kf4 60. Kh3 Kf3 61. Kh2 Rg8 62. Kh1 Bd4 63. Kh2 Rh8# 0-1

[Event "C.to Europeo U08"]
[Site "Praga CZE"]
[Date "2012.08.22"]
[Round "6"]
[White "Mursalli, Matin"]
[Black "Damico, Alessandro"]
[WhiteElo "1570"]
[BlackElo "1515"]
[Result "1-0"]
[PlyCount "43"]
[EventDate "2012.08.17"]

1. e4 e5 2. Nf3 Nc6 3. Bc4 Bc5 4. b4 Be7 5. b5 Na5 6. Nxe5 Nxc4 7. Nxc4 Nf6 8.
Nc3 Bb4 9. Bb2 Bxc3 10. Bxc3 Nxe4 11. Bxg7 Rg8 12. Bb2 Rxg2 13. Qf3 Qe7 14.
Qxg2 Ng3+ 15. Ne3 Nxh1 16. Qxh1 d6 17. O-O-O f5 18. Re1 Kd8 19. Qg2 f4 20. Qg8+
Kd7 21. Qg4+ Kd8 22. Qxf4 1-0

[Event "C.to Europeo U08"]
[Site "Praga CZE"]
[Date "2012.08.23"]
[Round "7"]
[White "Becchi, Andrea"]
[Black "Ognean, Mihnea-Ionut"]
[WhiteElo "1512"]
[BlackElo "1588"]
[Result "0-1"]
[PlyCount "100"]
[EventDate "2012.08.17"]

1. e4 c5 2. Nc3 Nc6 3. Bb5 g6 4. Bxc6 dxc6 5. Nge2 e5 6. O-O Bg7 7. f4 Ne7 8.
d3 Be6 9. Qe1 Qd7 10. b3 exf4 11. Bxf4 O-O 12. Qh4 Rfe8 13. Rad1 f5 14. Kh1 b6
15. Rf2 Rad8 16. Rff1 Rf8 17. Bh6 fxe4 18. Nxe4 Nf5 19. Qe1 Bxh6 20. Rf3 Ne3
21. Rd2 Rxf3 22. gxf3 Qf7 23. f4 Bd5 24. c4 Bxe4+ 25. dxe4 Rxd2 26. Qxd2 Bxf4
27. Qd8+ Kg7 28. Qd3 Bh6 29. Qc3+ Qf6 30. Qxf6+ Kxf6 31. Kg1 Ke5 32. Nc3 Kd4
33. Ne2+ Kxe4 34. Nc3+ Kd3 35. Nb1 Kc2 36. Na3+ Kb2 37. Kf2 Kxa3 38. h4 Kxa2
39. Kf3 Kxb3 40. Ke2 Kxc4 41. Kf3 a5 42. Ke2 a4 43. Kd2 Kb3 44. Kc1 a3 45. Kd2
a2 46. Kd3 a1=Q 47. Ke4 Qd4+ 48. Kf3 Qf4+ 49. Ke2 Qf1+ 50. Kd2 Qd1# 0-1